Datum a čas kvízu
35
Celkem bodů
Celkový počet nahraných bodů na tomto kvízu bez doplňovacích otázek.
6.
Pořadí na kvízu
Konečné umístění týmu na tomto kvízu.
Zaznamenané odpovědi
# | Otázka | Odpověď | Body | Výsledky |
---|---|---|---|---|
1. | V sobotu měl vodní slalomář a... | Jiří Prskavec | 0 | |
2. | Americký prezident Donald Trum... | UNESCO | 1 | |
3. | Hudební festival Pop Messe při... | Brno | 0 | |
4. | Minulý týden bylo zveřejněno h... | Kapské Město | 0 | |
5. | Marie Bouzková získala v sobot... | v Praze | 1 | |
6. | Ve stejný den na svátek Sv. Ru... | Přemysl Otakar II. a Jan Lucemburský | 1 | |
7. | Ve kterém roce se odehrála bit... | 1620 | 1 | |
8. | Češi se aktivně podíleli na ve... | C | 1 | |
9. | Jedním z mála projevů vzdoru p... | Frýdek-Místek | 1 | |
10. | Poslední otázku věnujeme poráž... | 1934 a 1962 | 1 |